[Event "32. Open Barbera del Valles 2009"]
[Site "Barbera del Valles ESP"]
[Date "2009.07.05"]
[Round "2.8"]
[White "Rojas Keim, Luis"]
[Black "Javakhadze, Zurab"]
[Result "0-1"]
[WhiteElo "2453"]
[BlackElo "2309"]
[PlyCount "208"]
[EventDate "2009.07.04"]
[EventType "swiss"]
[EventRounds "9"]
[EventCountry "ESP"]
[Source "lmi"]
[SourceDate "2009.07.04"]

1. d4 d5 2. Bg5 h6 3. Bh4 c6 4. e3 Qb6 5. Qc1 e5 6. Nf3 e4 7. Nfd2 Be7 8. Bg3
Nf6 9. c4 O-O 10. Be2 Bg4 11. Bxg4 Nxg4 12. Nc3 Qd8 13. Qd1 Nf6 14. Qb3 Qd7 15.
O-O Na6 16. f3 exf3 17. Nxf3 Qe6 18. Qxb7 Nb4 19. c5 a5 20. a3 Nd3 21. Ne1 Nxe1
22. Raxe1 Nh5 23. e4 Nxg3 24. hxg3 Bf6 25. exd5 Bxd4+ 26. Kh2 Qg6 27. Rf4 Bxc3
28. bxc3 Qh5+ 29. Rh4 Qxd5 30. Qe7 Rab8 31. Re5 Qd2 32. Rd4 Qxc3 33. Rg4 Kh7
34. Re3 Qa1 35. Rf4 Kg8 36. Rfe4 g6 37. g4 Rb1 38. Qd6 Rh1+ 39. Kg3 Qg1 40. Re1
Qxe1+ 41. Rxe1 Rxe1 42. Qd2 Rfe8 43. Qxa5 Rc1 44. Qb6 Ra8 45. Qxc6 Rxa3+ 46.
Kh2 Re3 47. Qd6 Re8 48. Qd7 Re5 49. c6 Re6 50. g5 hxg5 51. c7 Rec6 52. Qd8+ Kh7
53. Qxg5 Rxc7 54. Qh4+ Kg8 55. Qd8+ Kg7 56. Qd4+ f6 57. Qd8 R1c5 58. Kg1 Rf7
59. Kh2 Re5 60. Kg1 Ra7 61. Qd4 Rb7 62. Qd3 g5 63. Kh2 Rbe7 64. Qd8 Re4 65. Kg3
Re2 66. Kh3 Ra7 67. Qd6 Rb7 68. Qd5 Rc7 69. Qd4 Ra2 70. Qb4 Ra1 71. Qd4 Rh1+
72. Kg3 Rh4 73. Qd3 Rb4 74. Kh2 Rb2 75. Qd6 Ra7 76. Qc5 Rd7 77. Kh3 Re2 78. Qb5
Rde7 79. Qc5 Re1 80. Kh2 R1e5 81. Qd6 Rb7 82. Qd3 Rf7 83. Qd4 Rf5 84. Qe4 Rf4
85. Qd5 Re7 86. Qd6 Rh4+ 87. Kg3 Re3+ 88. Kf2 Rhe4 89. Kg1 g4 90. Kh2 Kg6 91.
Qd5 Re8 92. Qd7 Rh8+ 93. Kg1 Re4 94. Qd3 Rhe8 95. Kh2 R8e7 96. Qd8 Re8 97. Qd3
Kg5 98. Qd5+ f5 99. Qc5 Re3 100. Qd4 R8e6 101. Qd8+ Re7 102. Qg8+ Kf6 103. Qh8+
Kg6 104. Qg8+ Rg7 0-1

[Event "32. Open Barbera del Valles 2009"]
[Site "Barbera del Valles ESP"]
[Date "2009.07.05"]
[Round "2.9"]
[White "Sanchez Jerez, Emilio Miguel"]
[Black "Fluvia Poyatos, Jordi"]
[Result "1/2-1/2"]
[WhiteElo "2212"]
[BlackElo "2449"]
[PlyCount "69"]
[EventDate "2009.07.04"]
[EventType "swiss"]
[EventRounds "9"]
[EventCountry "ESP"]
[Source "lmi"]
[SourceDate "2009.07.04"]

1. e4 d6 2. d4 Nf6 3. Nc3 g6 4. Be3 a6 5. Qd2 b5 6. f3 Nbd7 7. a4 b4 8. Nd1 a5
9. Bb5 Bb7 10. Ne2 c6 11. Bd3 Bg7 12. O-O O-O 13. c4 bxc3 14. bxc3 e5 15. Nf2
Qc7 16. Rab1 d5 17. Bh6 c5 18. Bxg7 Kxg7 19. exd5 Nxd5 20. Be4 cxd4 21. cxd4
Nb4 22. Ng4 Bxe4 23. fxe4 exd4 24. e5 d3 25. Ng3 f5 26. exf6+ Kh8 27. Rbe1 Nxf6
28. Nxf6 Qb6+ 29. Kh1 Rxf6 30. Qb2 Nd5 31. Qe5 d2 32. Rb1 Qc6 33. Qd4 Raf8 34.
Rxf6 Nxf6 35. Qxd2 1/2-1/2

[Event "32. Open Barbera del Valles 2009"]
[Site "Barbera del Valles ESP"]
[Date "2009.07.05"]
[Round "2.10"]
[White "Asis Gargatagli, Hipolit"]
[Black "Ravot, Sylvain"]
[Result "1/2-1/2"]
[WhiteElo "2439"]
[BlackElo "2276"]
[PlyCount "72"]
[EventDate "2009.07.04"]
[EventType "swiss"]
[EventRounds "9"]
[EventCountry "ESP"]
[Source "lmi"]
[SourceDate "2009.07.04"]

1. c4 e5 2. g3 Nf6 3. Bg2 c6 4. d4 exd4 5. Qxd4 d5 6. Nf3 dxc4 7. Qxc4 Be6 8.
Qh4 Be7 9. O-O Ng4 10. Bg5 f6 11. Be3 h5 12. Nd4 Bc8 13. Bf3 g5 14. Qh3 Nxe3
15. Bxh5+ Kf8 16. Ne6+ Bxe6 17. Qxe6 Rxh5 18. fxe3 Qd7 19. Qe4 Kg7 20. Nc3 Na6
21. Rad1 Qe8 22. Qf5 Rd8 23. Ne4 Qg6 24. Qe6 Qf7 25. Qf5 Rd5 26. Rxd5 Qxd5 27.
Qg4 Rh6 28. Rf5 Qc4 29. b3 Qc1+ 30. Kg2 Qxe3 31. h4 Nc5 32. Rxc5 Bxc5 33. Qd7+
Kf8 34. Qd8+ Kf7 35. Qd7+ Kg6 36. Qe8+ Kg7 1/2-1/2

[Event "32. Open Barbera del Valles 2009"]
[Site "Barbera del Valles ESP"]
[Date "2009.07.05"]
[Round "2.11"]
[White "Dominguez Pons, Eric"]
[Black "Bregadze, Levan"]
[Result "1-0"]
[WhiteElo "2211"]
[BlackElo "2426"]
[PlyCount "63"]
[EventDate "2009.07.04"]
[EventType "swiss"]
[EventRounds "9"]
[EventCountry "ESP"]
[Source "lmi"]
[SourceDate "2009.07.04"]

1. e4 c5 2. Nf3 Nc6 3. c3 Nf6 4. e5 Nd5 5. d4 cxd4 6. cxd4 e6 7. Nc3 Nxc3 8.
bxc3 d6 9. exd6 Bxd6 10. Bd3 h6 11. O-O Qc7 12. Qe2 Bd7 13. Re1 Ne7 14. c4 Bc6
15. Ne5 Bxe5 16. dxe5 Qa5 17. a3 Qc7 18. a4 Ng6 19. Qh5 Qa5 20. Qe2 Rd8 21.
Bxg6 fxg6 22. Ba3 Kf7 23. Bd6 Kg8 24. h4 Qc3 25. Red1 h5 26. a5 Rxd6 27. exd6
Kh7 28. Qxe6 Re8 29. Qf7 Re4 30. d7 Rd4 31. Rac1 Qb2 32. d8=Q 1-0

[Event "32. Open Barbera del Valles 2009"]
[Site "Barbera del Valles ESP"]
[Date "2009.07.05"]
[Round "2.12"]
[White "Vigo Allepuz, David"]
[Black "Mihailovs, Jurijs"]
[Result "0-1"]
[WhiteElo "2156"]
[BlackElo "2408"]
[PlyCount "96"]
[EventDate "2009.07.04"]
[EventType "swiss"]
[EventRounds "9"]
[EventCountry "ESP"]
[Source "lmi"]
[SourceDate "2009.07.04"]

1. d4 Nf6 2. Nf3 c5 3. d5 b5 4. c4 g6 5. Qc2 bxc4 6. e4 d6 7. Bxc4 Bg7 8. O-O
O-O 9. h3 Ba6 10. Na3 Nfd7 11. Rb1 Nb6 12. Re1 Nxc4 13. Nxc4 Nd7 14. Bd2 Bxc4
15. Qxc4 Rb8 16. b3 Rb7 17. Bc3 Bxc3 18. Qxc3 f6 19. b4 Qb8 20. Rb3 cxb4 21.
Qe3 Nc5 22. Rbb1 b3 23. axb3 Rxb3 24. Rxb3 Qxb3 25. Qh6 Nd3 26. Rf1 Qb4 27. Qe3
Nc5 28. Nd4 a5 29. f3 a4 30. Nc6 Qb7 31. Ra1 e5 32. h4 f5 33. h5 f4 34. Qc3 Qb6
35. Kf1 Rf7 36. Rc1 Qb5+ 37. Kg1 Qb6 38. Kf1 Rc7 39. h6 Qb5+ 40. Kg1 Qb6 41.
Kf1 Qb3 42. Qa5 Qb7 43. Rxc5 dxc5 44. Qxc5 Qb1+ 45. Ke2 Rb7 46. Nb4 Qxb4 47.
Qc8+ Kf7 48. Qe6+ Kf8 0-1

[Event "32. Open Barbera del Valles 2009"]
[Site "Barbera del Valles ESP"]
[Date "2009.07.05"]
[Round "2.14"]
[White "Balogh, Csaba"]
[Black "Kulkarni, Chinmay"]
[Result "1-0"]
[WhiteElo "2595"]
[BlackElo "2259"]
[PlyCount "89"]
[EventDate "2009.07.04"]
[EventType "swiss"]
[EventRounds "9"]
[EventCountry "ESP"]
[Source "lmi"]
[SourceDate "2009.07.04"]

1. e4 c5 2. Nf3 d6 3. d4 cxd4 4. Nxd4 Nf6 5. Nc3 e6 6. Be3 Be7 7. g4 h6 8. Qe2
Nc6 9. O-O-O Qc7 10. h4 a6 11. Bg2 h5 12. gxh5 Nxh5 13. Qc4 Bd7 14. Nd5 exd5
15. exd5 Rc8 16. dxc6 bxc6 17. Bg5 Nf6 18. Rde1 Kf8 19. Qxa6 d5 20. Bh3 Bc5 21.
Bxf6 gxf6 22. Bxd7 Qxd7 23. c3 Bd6 24. Qd3 Ra8 25. a3 Bf4+ 26. Kb1 Be5 27. h5
Rb8 28. Re2 c5 29. Nf3 c4 30. Nxe5 fxe5 31. Qe3 f6 32. Qf3 Qe6 33. Rd2 Rd8 34.
h6 Rh7 35. Rhd1 e4 36. Qf4 Rhd7 37. f3 f5 38. Ka1 Kg8 39. fxe4 fxe4 40. Rg2+
Kh8 41. Rdg1 Rf7 42. Qe3 Rf3 43. Qa7 Rf7 44. Qd4+ Kh7 45. Rg7+ 1-0

[Event "32. Open Barbera del Valles 2009"]
[Site "Barbera del Valles ESP"]
[Date "2009.07.05"]
[Round "2.16"]
[White "Sundararajan, Kidambi"]
[Black "Meera, Sai"]
[Result "1-0"]
[WhiteElo "2506"]
[BlackElo "2148"]
[PlyCount "69"]
[EventDate "2009.07.04"]
[EventType "swiss"]
[EventRounds "9"]
[EventCountry "ESP"]
[Source "lmi"]
[SourceDate "2009.07.04"]

1. d4 Nf6 2. Nf3 g6 3. Bg5 Bg7 4. Nbd2 d5 5. e3 O-O 6. Be2 Nbd7 7. O-O c5 8. c3
Re8 9. Qb3 Qb6 10. Qxb6 axb6 11. Bb5 Rf8 12. Rfe1 h6 13. Bh4 g5 14. Bg3 Ne8 15.
e4 dxe4 16. Rxe4 f5 17. Rxe7 Bf6 18. Rxd7 Bxd7 19. Bxd7 f4 20. Bxf4 gxf4 21.
Nc4 cxd4 22. cxd4 b5 23. Bxb5 Nc7 24. Nd6 Nxb5 25. Nxb5 Rfc8 26. Nc3 b5 27. Kf1
b4 28. Nd5 Rc2 29. Nxf6+ Kf7 30. Nd5 Rxb2 31. Ne5+ Kg7 32. Nd3 Raxa2 33. Rxa2
Rxa2 34. N5xb4 Ra5 35. Ke2 1-0

[Event "32. Open Barbera del Valles 2009"]
[Site "Barbera del Valles ESP"]
[Date "2009.07.05"]
[Round "2.17"]
[White "Fabre Massana, Miquel"]
[Black "Bacallao Alonso, Yusnel"]
[Result "0-1"]
[WhiteElo "2151"]
[BlackElo "2467"]
[PlyCount "102"]
[EventDate "2009.07.04"]
[EventType "swiss"]
[EventRounds "9"]
[EventCountry "ESP"]
[Source "lmi"]
[SourceDate "2009.07.04"]

1. d4 Nf6 2. Nf3 g6 3. c4 Bg7 4. Nc3 d5 5. cxd5 Nxd5 6. e4 Nxc3 7. bxc3 c5 8.
Rb1 O-O 9. Be2 b6 10. O-O Bb7 11. d5 Bxc3 12. Bb2 Bxb2 13. Rxb2 Qd6 14. Qc1 Nd7
15. Rd1 Rac8 16. Qe3 f6 17. Nd2 Qc7 18. Bg4 Rcd8 19. Qh6 f5 20. exf5 gxf5 21.
Bf3 Ne5 22. Re1 Rf6 23. Qe3 Nxf3+ 24. Nxf3 Rxd5 25. Ne5 f4 26. Qb3 Re6 27. Rbe2
c4 28. Qc3 b5 29. h4 b4 30. Qxb4 Rdxe5 31. Rxe5 Rxe5 32. Rxe5 Qxe5 33. Qxb7 c3
34. Qc8+ Kg7 35. Kh2 h5 36. f3 Qe1 37. Qc5 Qxh4+ 38. Kg1 Qf6 39. Kh1 a5 40. a4
Kh6 41. Kg1 Kg6 42. Kh2 Qh4+ 43. Kg1 Qe1+ 44. Kh2 Qe3 45. Qc6+ Kf7 46. Qd5+ Kf6
47. Qc6+ Ke5 48. Qc4 Kd6 49. Qc8 Qc5 50. Qd8+ Ke6 51. Qc8+ Qxc8 0-1

[Event "32. Open Barbera del Valles 2009"]
[Site "Barbera del Valles ESP"]
[Date "2009.07.05"]
[Round "2.18"]
[White "Bardera Gil, Sergi"]
[Black "Matnadze, Ana"]
[Result "0-1"]
[WhiteElo "2033"]
[BlackElo "2413"]
[PlyCount "62"]
[EventDate "2009.07.04"]
[EventType "swiss"]
[EventRounds "9"]
[EventCountry "ESP"]
[Source "lmi"]
[SourceDate "2009.07.04"]

1. e4 c5 2. Nf3 d6 3. d4 cxd4 4. Nxd4 Nf6 5. Nc3 Nc6 6. Be2 Nxd4 7. Qxd4 g6 8.
h4 Bg7 9. Qd3 h5 10. f3 Be6 11. Be3 O-O 12. O-O-O Qa5 13. Kb1 Rfc8 14. Bd4 Rab8
15. Qb5 Qxb5 16. Bxb5 a6 17. Ba4 b5 18. Bb3 Bc4 19. Nd5 Nxd5 20. exd5 a5 21.
Bxg7 Kxg7 22. Rd4 a4 23. Bxc4 bxc4 24. c3 a3 25. Rd2 Rb5 26. Re1 Rc7 27. Re4
Rcb7 28. Ree2 Rc7 29. Rd4 Ra7 30. Rdd2 axb2 31. Rd4 Rxa2 0-1

[Event "32. Open Barbera del Valles 2009"]
[Site "Barbera del Valles ESP"]
[Date "2009.07.05"]
[Round "2.20"]
[White "Martin Grillo, Ruben"]
[Black "Guramishvili, Sopiko"]
[Result "0-1"]
[WhiteElo "2218"]
[BlackElo "2339"]
[PlyCount "72"]
[EventDate "2009.07.04"]
[EventType "swiss"]
[EventRounds "9"]
[EventCountry "ESP"]
[Source "lmi"]
[SourceDate "2009.07.04"]

1. Nf3 Nf6 2. c4 e6 3. g3 a6 4. Bg2 b5 5. b3 Bb7 6. O-O c5 7. d3 d6 8. Bb2 Be7
9. Nbd2 O-O 10. d4 cxd4 11. Nxd4 Bxg2 12. Kxg2 Qb6 13. Rc1 Nc6 14. Nxc6 Qxc6+
15. Kg1 Qb7 16. Nf3 Rfd8 17. Nd4 e5 18. Nf5 bxc4 19. Nxe7+ Qxe7 20. Rxc4 d5 21.
Rc6 d4 22. Qc2 Nd5 23. a3 a5 24. Qc4 Qb7 25. e3 dxe3 26. Bxe5 exf2+ 27. Kxf2
Rac8 28. Rc1 Rxc6 29. Qxc6 Qxb3 30. Qc5 Qd3 31. Qd4 Nb4 32. Qf4 Qxa3 33. Qg5
Nd3+ 34. Kg2 Qa2+ 35. Kh3 Qe6+ 36. Kh4 f6 0-1

[Event "32. Open Barbera del Valles 2009"]
[Site "Barbera del Valles ESP"]
[Date "2009.07.05"]
[Round "2.21"]
[White "Cruz, Cristhian"]
[Black "Colon Garcia, Enrique"]
[Result "1-0"]
[WhiteElo "2525"]
[BlackElo "2173"]
[PlyCount "43"]
[EventDate "2009.07.04"]
[EventType "swiss"]
[EventRounds "9"]
[EventCountry "ESP"]
[Source "lmi"]
[SourceDate "2009.07.04"]

1. c4 Nf6 2. d4 e6 3. Nf3 b6 4. Bg5 Bb7 5. Nc3 Bb4 6. Nd2 h6 7. Bh4 O-O 8. e3
d5 9. cxd5 exd5 10. Bd3 Nbd7 11. O-O Re8 12. Rc1 c6 13. Re1 Nf8 14. e4 Ng6 15.
Bxf6 Qxf6 16. e5 Qf4 17. Nf3 c5 18. Bxg6 fxg6 19. dxc5 d4 20. Qb3+ Kh7 21. Ne2
Qg4 22. h3 1-0

[Event "32. Open Barbera del Valles 2009"]
[Site "Barbera del Valles ESP"]
[Date "2009.07.05"]
[Round "2.24"]
[White "Herms Agullo, Jordi"]
[Black "Massoni, Michael"]
[Result "0-1"]
[WhiteElo "2141"]
[BlackElo "2291"]
[PlyCount "70"]
[EventDate "2009.07.04"]
[EventType "swiss"]
[EventRounds "9"]
[EventCountry "ESP"]
[Source "lmi"]
[SourceDate "2009.07.04"]

1. e4 c5 2. Nf3 d6 3. d4 cxd4 4. Nxd4 Nf6 5. Nc3 a6 6. Qf3 Nbd7 7. b3 Qa5 8.
Bb2 Nc5 9. Bd3 g6 10. h3 Bg7 11. O-O-O O-O 12. Kb1 e5 13. Nde2 b5 14. g4 Bb7
15. Ng3 Ne6 16. Nce2 d5 17. Qe3 Qc7 18. f3 d4 19. Qd2 Nd7 20. h4 Ndc5 21. Rdg1
Rfc8 22. g5 Nxd3 23. cxd3 a5 24. h5 a4 25. hxg6 fxg6 26. Nc1 Nf4 27. Rh4 axb3
28. Nxb3 b4 29. Rgh1 Ba6 30. Nc1 Qa5 31. Nge2 Bxd3+ 32. Ka1 Rc2 33. Qxc2 Bxc2
34. Nxf4 exf4 35. Rxh7 Qa7 0-1

[Event "32. Open Barbera del Valles 2009"]
[Site "Barbera del Valles ESP"]
[Date "2009.07.05"]
[Round "2.25"]
[White "Lasinskas, Povilas"]
[Black "Rafols Albet, Josep"]
[Result "1/2-1/2"]
[WhiteElo "2268"]
[BlackElo "2105"]
[PlyCount "61"]
[EventDate "2009.07.04"]
[EventType "swiss"]
[EventRounds "9"]
[EventCountry "ESP"]
[Source "lmi"]
[SourceDate "2009.07.04"]

1. d4 d5 2. Bg5 c6 3. Nc3 Bf5 4. e3 Qa5 5. Bd3 Bg6 6. Nf3 Nd7 7. O-O e6 8. a3
Ngf6 9. b4 Qc7 10. Na4 Bd6 11. Nc5 e5 12. Bxg6 hxg6 13. h3 e4 14. Bxf6 exf3 15.
Bxg7 Bh2+ 16. Kh1 fxg2+ 17. Kxg2 Rh7 18. f4 Rxg7 19. Kxh2 O-O-O 20. Qg4 f5 21.
Qg5 Nxc5 22. bxc5 Qa5 23. Qf6 Qd2+ 24. Kh1 Rh7 25. Rf3 Rdh8 26. Kg1 Rxh3 27.
Rxh3 Rxh3 28. Qf8+ Kd7 29. Qd6+ Kc8 30. Qe6+ Kc7 31. Qf7+ 1/2-1/2

[Event "32. Open Barbera del Valles 2009"]
[Site "Barbera del Valles ESP"]
[Date "2009.07.05"]
[Round "2.28"]
[White "Molano Lafuente, Ismael"]
[Black "Avila Jimenez, Javier"]
[Result "0-1"]
[WhiteElo "2101"]
[BlackElo "2212"]
[PlyCount "78"]
[EventDate "2009.07.04"]
[EventType "swiss"]
[EventRounds "9"]
[EventCountry "ESP"]
[Source "lmi"]
[SourceDate "2009.07.04"]

1. d4 Nf6 2. Bf4 g6 3. Nf3 Bg7 4. Nc3 d6 5. e4 c6 6. Qd2 h6 7. h3 Qa5 8. Bd3
Na6 9. O-O Nb4 10. Bc4 g5 11. Bh2 g4 12. hxg4 Bxg4 13. Ne1 b5 14. Be2 Qb6 15.
a3 Bxe2 16. Qxe2 Na6 17. e5 dxe5 18. dxe5 Nd5 19. Ne4 O-O 20. Qg4 Nc5 21. Nf3
Nxe4 22. Qxe4 e6 23. Rad1 Rad8 24. Nh4 b4 25. axb4 Qxb4 26. c4 Nb6 27. Qxc6
Qxc4 28. Qxc4 Nxc4 29. Ra1 Rd7 30. Nf3 Nxb2 31. Ra6 Rc8 32. Rfa1 Nd3 33. Bg3
Rcc7 34. Kh2 Bf8 35. Bh4 Bc5 36. R6a4 Nxf2 37. Bf6 Be7 38. Rb1 Rb7 39. Rxa7
Rxa7 0-1

[Event "32. Open Barbera del Valles 2009"]
[Site "Barbera del Valles ESP"]
[Date "2009.07.05"]
[Round "2.29"]
[White "Deshpande, Aniruddha"]
[Black "Brookes, Christopher"]
[Result "1-0"]
[WhiteElo "2211"]
[BlackElo "2046"]
[PlyCount "117"]
[EventDate "2009.07.04"]
[EventType "swiss"]
[EventRounds "9"]
[EventCountry "ESP"]
[Source "lmi"]
[SourceDate "2009.07.04"]

1. e4 c5 2. Nf3 d6 3. d4 cxd4 4. Nxd4 Nf6 5. Nc3 g6 6. Be3 Bg7 7. f3 Nc6 8. Qd2
O-O 9. Bc4 Bd7 10. O-O-O Qa5 11. h4 Ne5 12. Bb3 Rfc8 13. h5 Nxh5 14. Bh6 Bxh6
15. Qxh6 Rxc3 16. bxc3 Qxc3 17. Kb1 Rc8 18. Rxh5 gxh5 19. Qg5+ Ng6 20. Qxh5 Rc5
21. Qh6 a5 22. Rh1 e6 23. Nf5 a4 24. Qxh7+ Kf8 25. Nxd6 Ne5 26. Nxb7 Rc8 27.
Qh6+ Ke7 28. Qg5+ f6 29. Rh7+ Nf7 30. Rxf7+ Kxf7 31. Nd6+ Ke7 32. Nxc8+ Qxc8
33. Qg7+ Kd6 34. Qxf6 axb3 35. axb3 Qa6 36. g4 Qf1+ 37. Kb2 Qg2 38. g5 Be8 39.
Qd4+ Ke7 40. f4 Qg4 41. Qe5 Qh5 42. f5 Qxg5 43. Qxe6+ Kf8 44. e5 Qg7 45. Qd6+
Qe7 46. Qd4 Qf7 47. Qb4+ Kg8 48. Qf4 Bd7 49. e6 Qf6+ 50. c3 Be8 51. b4 Kg7 52.
Kb3 Bh5 53. Qc7+ Kf8 54. Qc8+ Kg7 55. Qd7+ Kf8 56. b5 Be8 57. Qd6+ Qe7 58. Qe5
Qb7 59. Qh8+ 1-0

[Event "32. Open Barbera del Valles 2009"]
[Site "Barbera del Valles ESP"]
[Date "2009.07.05"]
[Round "2.30"]
[White "Anuprita, Patil"]
[Black "Capellades Subirana, Marc"]
[Result "1/2-1/2"]
[WhiteElo "2059"]
[BlackElo "2210"]
[PlyCount "63"]
[EventDate "2009.07.04"]
[EventType "swiss"]
[EventRounds "9"]
[EventCountry "ESP"]
[Source "lmi"]
[SourceDate "2009.07.04"]

1. d4 Nf6 2. Nf3 e6 3. Bf4 d5 4. e3 Bd6 5. Ne5 Nbd7 6. Nd2 Nf8 7. Bd3 Ng6 8.
Bg3 O-O 9. O-O c5 10. Nxg6 hxg6 11. Bxd6 Qxd6 12. c3 e5 13. dxe5 Qxe5 14. Nf3
Qe7 15. Re1 Ne4 16. Nd2 Bf5 17. Nxe4 dxe4 18. Bc4 Rfd8 19. Qc2 Rd6 20. Rad1
Rad8 21. Be2 g5 22. Rxd6 Rxd6 23. Rd1 Rh6 24. Qd2 Qe5 25. g3 Be6 26. b3 g4 27.
c4 Qh5 28. h4 Qe5 29. Qd6 Qb2 30. Qd2 Qe5 31. Qd6 Qb2 32. Qd2 1/2-1/2

[Event "32. Open Barbera del Valles 2009"]
[Site "Barbera del Valles ESP"]
[Date "2009.07.05"]
[Round "2.31"]
[White "Garcia Gil, Javier"]
[Black "Castro Exposito, Cristobal"]
[Result "0-1"]
[WhiteElo "2203"]
[BlackElo "2027"]
[PlyCount "72"]
[EventDate "2009.07.04"]
[EventType "swiss"]
[EventRounds "9"]
[EventCountry "ESP"]
[Source "lmi"]
[SourceDate "2009.07.04"]

1. e4 e6 2. d4 d5 3. Nc3 Nf6 4. Bg5 Be7 5. e5 Nfd7 6. Bxe7 Qxe7 7. f4 O-O 8.
Nf3 a6 9. Bd3 f6 10. exf6 Nxf6 11. Qd2 c5 12. dxc5 Qxc5 13. Ne2 Ng4 14. Ned4
Nc6 15. c3 e5 16. fxe5 Ncxe5 17. Nxe5 Nxe5 18. O-O-O Nxd3+ 19. Qxd3 Bg4 20. Nb3
Qf2 21. Qxd5+ Kh8 22. Rd2 Qe3 23. h3 Bf5 24. Qd4 Qg5 25. h4 Qe7 26. g4 Rad8 27.
Qg1 Rxd2 28. Nxd2 Be6 29. Qe3 Qd7 30. g5 Bf5 31. Rf1 Qa4 32. b3 Qa3+ 33. Kd1
Bg4+ 34. Kc2 Qxa2+ 35. Kd3 Rd8+ 36. Kc4 Qa5 0-1

[Event "32. Open Barbera del Valles 2009"]
[Site "Barbera del Valles ESP"]
[Date "2009.07.06"]
[Round "3.2"]
[White "Almeida Quintana, Omar"]
[Black "Perez Mitjans, Orelvis"]
[Result "0-1"]
[WhiteElo "2524"]
[BlackElo "2404"]
[PlyCount "60"]
[EventDate "2009.07.04"]
[EventType "swiss"]
[EventRounds "9"]
[EventCountry "ESP"]
[Source "lmi"]
[SourceDate "2009.07.04"]

1. d4 d5 2. c4 c6 3. Nf3 Nf6 4. Nc3 e6 5. Bg5 dxc4 6. e4 b5 7. e5 h6 8. Bh4 g5
9. Nxg5 hxg5 10. Bxg5 Nbd7 11. exf6 Qa5 12. Be2 Bb7 13. O-O O-O-O 14. Qc1 c5
15. a4 b4 16. Nb1 Bd6 17. h4 Rdg8 18. Rd1 Qc7 19. d5 exd5 20. Bf3 d4 21. Nd2
Bf4 22. Bxf4 Qxf4 23. Bxb7+ Kxb7 24. Qxc4 Rxh4 25. Qd5+ Kc7 26. Nf1 Qh6 27. g3
Rh5 28. Qe4 Nxf6 29. Qf3 Rh8 30. Kg2 Rf5 0-1

[Event "32. Open Barbera del Valles 2009"]
[Site "Barbera del Valles ESP"]
[Date "2009.07.06"]
[Round "3.3"]
[White "Javakhadze, Zurab"]
[Black "Orzech, Dominik"]
[Result "1-0"]
[WhiteElo "2309"]
[BlackElo "2466"]
[PlyCount "65"]
[EventDate "2009.07.04"]
[EventType "swiss"]
[EventRounds "9"]
[EventCountry "ESP"]
[Source "lmi"]
[SourceDate "2009.07.04"]

1. Nf3 Nf6 2. c4 g6 3. Nc3 Bg7 4. g3 O-O 5. Bg2 d6 6. O-O e5 7. d3 h6 8. Rb1 a5
9. a3 Re8 10. e4 c6 11. h3 Be6 12. b4 axb4 13. axb4 Nbd7 14. Bd2 d5 15. exd5
cxd5 16. cxd5 Nxd5 17. Ng5 hxg5 18. Nxd5 Nf8 19. Qf3 Ra3 20. Bc1 Ra6 21. Nc3
Rc6 22. Ne4 Nh7 23. Nc5 Bc8 24. Be3 Rc7 25. b5 Qe7 26. Rfc1 Rd8 27. b6 Rc6 28.
Nxb7 e4 29. Qxe4 Re6 30. Nxd8 Rxe4 31. Rxc8 Rxe3 32. Nc6+ Qe8 33. b7 1-0

[Event "32. Open Barbera del Valles 2009"]
[Site "Barbera del Valles ESP"]
[Date "2009.07.06"]
[Round "3.4"]
[White "Mihailovs, Jurijs"]
[Black "Dominguez Pons, Eric"]
[Result "0-1"]
[WhiteElo "2408"]
[BlackElo "2211"]
[PlyCount "100"]
[EventDate "2009.07.04"]
[EventType "swiss"]
[EventRounds "9"]
[EventCountry "ESP"]
[Source "lmi"]
[SourceDate "2009.07.04"]

1. d4 d5 2. c4 c6 3. Nc3 Nf6 4. e3 Bf5 5. cxd5 cxd5 6. Qb3 Qb6 7. Nxd5 Nxd5 8.
Qxd5 Qb4+ 9. Kd1 Bd7 10. Nf3 f6 11. Bd3 e6 12. Qc4 Qb6 13. Bd2 Nc6 14. Qb3 Nb4
15. Bxb4 Bxb4 16. a3 Bd6 17. Qxb6 axb6 18. Nd2 Kf7 19. Ke2 b5 20. Be4 b4 21.
axb4 Bxb4 22. Rhc1 Bb5+ 23. Kd1 Rxa1 24. Rxa1 Ba6 25. Rc1 Bd6 26. h3 h5 27. Nb3
Ke7 28. Nc5 Rb8 29. h4 e5 30. g3 g5 31. hxg5 fxg5 32. dxe5 Bxe5 33. Kc2 Bb5 34.
f4 Bf6 35. Bxb7 gxf4 36. gxf4 h4 37. b4 Rg8 38. Kd2 Rd8+ 39. Ke1 Bb2 40. Rb1
Bc3+ 41. Kf2 Rd2+ 42. Kf3 Be2+ 43. Ke4 h3 44. Kf5 h2 45. b5 Bd1 46. Kg5 Bf6+
47. Kh6 h1=Q+ 48. Bxh1 Kf7 49. Bd5+ Rxd5 50. f5 Rd8 0-1

[Event "32. Open Barbera del Valles 2009"]
[Site "Barbera del Valles ESP"]
[Date "2009.07.06"]
[Round "3.5"]
[White "Matnadze, Ana"]
[Black "Balogh, Csaba"]
[Result "0-1"]
[WhiteElo "2413"]
[BlackElo "2595"]
[PlyCount "54"]
[EventDate "2009.07.04"]
[EventType "swiss"]
[EventRounds "9"]
[EventCountry "ESP"]
[Source "lmi"]
[SourceDate "2009.07.04"]

1. d4 Nf6 2. c4 c6 3. g3 d5 4. Bg2 dxc4 5. a4 e5 6. Nf3 exd4 7. Qxd4 Qxd4 8.
Nxd4 Bc5 9. Nc2 Be6 10. Nba3 a5 11. Ne3 Bxa3 12. bxa3 Nbd7 13. Rb1 Nc5 14. Bb2
O-O-O 15. Bc3 Nb3 16. O-O Rhg8 17. f4 Rge8 18. Bf3 Bd5 19. Nf5 Bxf3 20. exf3
Nd5 21. Be5 f6 22. Nd6+ Rxd6 23. Bxd6 Kd7 24. Rxb3 cxb3 25. Bc5 b6 26. Bd4 c5
27. Ba1 Re2 0-1

[Event "32. Open Barbera del Valles 2009"]
[Site "Barbera del Valles ESP"]
[Date "2009.07.06"]
[Round "3.8"]
[White "Gonzalez Garcia, Jose"]
[Black "Garcia Castro, Pablo"]
[Result "1-0"]
[WhiteElo "2509"]
[BlackElo "2390"]
[PlyCount "69"]
[EventDate "2009.07.04"]
[EventType "swiss"]
[EventRounds "9"]
[EventCountry "ESP"]
[Source "lmi"]
[SourceDate "2009.07.04"]

1. d4 c5 2. d5 g6 3. e4 Bg7 4. Nf3 d6 5. c4 e6 6. Nc3 exd5 7. cxd5 a6 8. h3 Nf6
9. a4 O-O 10. Bd3 Nbd7 11. O-O h6 12. Bf4 Qe7 13. Re1 g5 14. Bh2 g4 15. Nh4 Ne5
16. Nf5 Bxf5 17. exf5 h5 18. Bxe5 dxe5 19. hxg4 Nxg4 20. Ne4 Qh4 21. Qf3 Qh2+
22. Kf1 b5 23. f6 Bh6 24. Ke2 c4 25. Bc2 b4 26. Rh1 Qf4 27. Rad1 b3 28. Bb1 c3
29. bxc3 Rfc8 30. Rxh5 Nxf6 31. Nxf6+ Kg7 32. Qxf4 Bxf4 33. Ne4 Rc4 34. g3 Bh6
35. Nd6 1-0

[Event "32. Open Barbera del Valles 2009"]
[Site "Barbera del Valles ESP"]
[Date "2009.07.06"]
[Round "3.9"]
[White "Ravot, Sylvain"]
[Black "Sundararajan, Kidambi"]
[Result "0-1"]
[WhiteElo "2276"]
[BlackElo "2506"]
[PlyCount "62"]
[EventDate "2009.07.04"]
[EventType "swiss"]
[EventRounds "9"]
[EventCountry "ESP"]
[Source "lmi"]
[SourceDate "2009.07.04"]

1. Nf3 Nf6 2. g3 d5 3. Bg2 c6 4. c4 g6 5. b3 Bg7 6. Bb2 O-O 7. O-O a5 8. Qc2
Na6 9. a3 Bg4 10. d3 Qc8 11. Nbd2 Bh3 12. e4 Bxg2 13. Kxg2 dxe4 14. dxe4 Rd8
15. c5 Qd7 16. e5 Nh5 17. Qc4 Qd3 18. Bd4 Qf5 19. Rac1 Rd5 20. b4 axb4 21. axb4
Rad8 22. Rfe1 Bh6 23. Re4 Nc7 24. Rce1 Ne6 25. R1e2 Bxd2 26. Nh4 Qg5 27. Nf3
Nhf4+ 28. Kf1 Qh5 29. Rxd2 Qxf3 30. Rxf4 Nxf4 31. gxf4 Qh1+ 0-1